Statistics for Countries with embassies and consulates in Montenegro

Click here to take the quiz!

General Stats

  • This quiz has been taken 92 times
  • The average score is 22 of 26

Answer Stats

ContinentCountry% Correct
EuropeUnited Kingdom
98%
AsiaChina
96%
EuropeAlbania
95%
EuropeFrance
95%
Asia/ EuropeRussia
95%
EuropeSerbia
95%
North AmericaUnited States of America
95%
EuropeGermany
94%
EuropeGreece
94%
EuropeItaly
94%
EuropeSlovenia
94%
EuropeAustria
93%
EuropeCroatia
93%
EuropeBosnia and Herzegovina
89%
EuropeRomania
89%
EuropeSlovakia
89%
EuropeBulgaria
88%
EuropePoland
85%
EuropeHungary
83%
EuropeMacedonia
83%
EuropeUkraine
83%
EuropeBelgium
81%
EuropeKosovo
78%
AsiaUnited Arab Emirates
64%
AsiaAzerbaijan
56%
AsiaPalestine
13%

Score Distribution

Percentile by Number Answered

Percent of People with Each Score

Your Score History

You have not taken this quiz